La arqueología del saber

Guardat en:
Dades bibliogràfiques
Autor principal: Foucault, Michel (Autor)
Format: Llibre
Idioma:espanyol
Publicat: Ciudad de México Siglo Veintiuno 1970
Edició:1a. ed
Matèries:
Etiquetes: Afegir etiqueta
Sense etiquetes, Sigues el primer a etiquetar aquest registre!

MARC

LEADER 00000cam a2200000 a 4500
001 UCW8444
003 CL-VaPUC
008 880908e19700000MX |||||||||||||||||spa|d
020 |a 9682315867 
082 0 4 |a 121  |b FOU  |2 21 
100 |a Foucault, Michel  |e author  |9 257945 
245 1 3 |a La arqueología del saber 
250 |a 1a. ed 
300 |a 355 p 
942 |c BK 
945 |d 19880908 00:00:00 
260 |a Ciudad de México  |b Siglo Veintiuno  |c 1970 
650 0 |a Teoría del conocimiento   |9 255038 
650 0 |a Análisis del discurso  |9 256696 
650 0 |a Epistemología   |9 264994 
583 |a last modification  |c 20130327 01:42:49  |k Rodrigo Vera 
999 |c 220815  |d 220813 
952 |0 0  |1 0  |4 0  |6 121_000000000000000_FOU_1970  |7 0  |8 A  |9 213519  |a BIBHIS  |b BIBHIS  |d 2019-11-15  |i 2818574  |l 2  |o 121 FOU 1970  |p 2818574  |q 2025-06-04  |r 2025-05-05  |s 2025-05-05  |w 2019-11-15  |y BK  |k HIS